00461nam a2200169Ia 4500003000400000008004100004040001600045082001500061100002100076245004500097260005100142300001000193490003500203650002600238650001300264650001400277GCL140319s9999 xx 000 0 eng d aGCL / cGCL04a152.4bM P1 aMCNAUGHTON, NEIL10aBIOLOGY AND EMOTION / cMCNAUGHTON, NEIL a[S.N] : bCAMBRIBGE UNIVERSITY PRESS ، c1989 a228 P aPROBLEMS IN THE BEHAVIOURALv004aPHYSIOLOGICAL ASPECTS04aEMOTIONS04aEVOLUTION